000 00596cam a22002055a 4500
001 4600347
005 20201124142032.0
008 700513t1970 nyua frb 001 0 eng d
020 _a0471830976
040 _aDLC
_cDLC
_dDLC
_dEG-ScBUE
_beng
082 0 4 _a677
_222
_bSTO
100 1 _aStout, Evelyn E.
245 1 0 _aIntroduction to textiles /
_cEvelyn E. Stout.
250 _a3d ed.
260 _aNew York :
_bJohn Wiley & Sons,
_cc.1970.
300 _axiii, 434 p. :
_bill. ;
_c24 cm.
504 _aIncludes bibliographical references and index.
653 _bGGEN
_cDecember2017
942 _2ddc
999 _c25748
_d25720